000 00386nam a2200145Ia 4500
008 230917s9999||||xx |||||||||||||| ||und||
040 _e75290
_aMAIN
041 _aEnglish
082 _a658.8 C794P
100 _aCoppett, John I
245 0 _aProfessional selling: a relationship management process
260 _aCincinnati
_bSouth-Western
_c1990
300 _axx, 471 p.
942 _cBK
999 _c69868
_d69868